| 000 | 01301cac a22003495i 4500 | ||
|---|---|---|---|
| 003 | EG-ScBUE | ||
| 005 | 20220609121550.0 | ||
| 008 | 111010r20072002enk f 000 0 eng d | ||
| 020 | _a0582447720 (Teacher's book) | ||
| 020 | _a9780582447721 (Teacher's book) | ||
| 040 |
_aEG-ScBUE _beng _erda _dEG-ScBUE _cEG-ScBUE |
||
| 082 | 0 | 4 |
_a428.24076 _bOCO _222 |
| 100 | 1 |
_aO'Connell, Sue _c(Author of the Pearson Focus series) _eauthor. _927450 |
|
| 245 | 1 |
_aFocus on IELTS, _pTeacher`s book / _cSue O`Connell. |
|
| 246 | 3 | 0 | _aTeacher`s book |
| 250 | _aSixth impression. | ||
| 264 | 1 |
_aHarlow, England : _bLongman : _bPearson Educaion Limited, _c2007. |
|
| 300 |
_a80 pages : _c28 cm |
||
| 336 |
_atext _btxt _2rdacontent |
||
| 337 |
_aunmediated _bn _2rdamedia |
||
| 338 |
_avolume _bnc _2rdacarrier |
||
| 500 | _aOriginally published by 2002. | ||
| 590 | _aDoha Ragab | ||
| 650 | 7 |
_aInternational English Language Testing System. _2BUEsh _913550 |
|
| 650 | 7 |
_aEnglish language _vTextbooks for foreign speakers. _2BUEsh |
|
| 650 | 7 |
_aEnglish language _vStudy and teaching as a second language. _2BUEsh |
|
| 650 | 7 |
_a English language _xStudy and teaching _vForeign speakers. _2BUEsh |
|
| 651 | _2BUEsh | ||
| 653 |
_bHHUUEENN _cDecember2019 |
||
| 655 |
_vReading book _934232 |
||
| 942 |
_cBB _2ddc |
||
| 999 |
_c8439 _d8439 |
||